01493cam a22002895a 45000010009000000050017000090080041000260200018000670400033000850820019001181000029001372450104001662600051002703000033003214900063003545000024004175040031004415050418004726500054008906500031009446500028009756510010010036530025010139420008010389990017010469520140010631819308320160830114632.0140619s2015 nyua frb f001 0 eng d a9781107641969 aDLCbengcDLCdDLCdEG-ScBUE04a306.2222bBRE1 aBretherton, Luke.94096710aResurrecting democracy :bfaith, citizenship, and the politics of a common life /cLuke Bretherton. aNew York :bCambridge University Press,c2015. axv, 474 p. :bill. ;c24 cm.0 aCambridge studies in social theory, religion and politics. aIndex : p. 457-474. aBibliography : p. 425-456.0 aThe origins of organizing : an intellectual history -- Faith & citizenship in a world city -- Re-imagining the cecular : inter-faith relations as a civic practice -- An anatomy of organizing I : listening, analysis & building power -- An anatomy of organizing II : capacity, action & representation -- Civil society as the body politic -- Sovereignty and consociational democracy -- Economy, debt and citizenship. 7aCommunity organizationxPhilosophy.2BUEsh940968 7aCitizenship.2BUEsh940969 7aDemocracy.2BUEsh93166 2BUEsh bBUSBOLcAugust 2016  2ddc c22279d22251 00102ddc40708BaccahaMAINbMAINc1STd2016-08-30ePurchaseg375.00h25146l0o306.2 BREp000033425r2025-07-15 00:00:00v468.75yBB